| 000 | 005070000a22001810004500 | ||
|---|---|---|---|
| 041 | 0 | _aSPA | |
| 082 | 0 | 4 | _aG 232 S6131c |
| 100 | 1 | _aSimpson, A. B. (Albert B.) | |
| 245 | 1 | 0 | _aCristo en el tabernáculo / A. B. Simpson ; W. Diener, Traductor |
| 260 | _a[S.L.] : [S:N:] | ||
| 300 | _a121 Pag | ||
| 650 | 1 | 4 | _aJESUCRISTO - TIPOLOGIA (TEOLOGIA) \ TABERNACULO |
| 001 | 4159 | ||
| 942 | _cBK | ||
| 999 |
_c34772 _d34772 |
||
| 336 |
_atexto _btxt _2rdacontent |
||
| 337 |
_2rdamedia _asin mediación _bn |
||
| 338 |
_2rdacarrier _avolumen _bnc |
||